000 004710000a22001810004500
003 MACL
005 20150813130933.0
008 150813b xxu||||| |||| 00| 0 eng d
040 _aMACL
_cMACL
041 _aEnglish
082 _a403/RAO
100 _aRao, Basetty Narsing
_95250
245 _aRao's English Dictionary of Semantic Jugglery of Words
260 _bReference Press
_c2006
_aNew Delhi
350 _a350
650 _aDictionary
_9187
942 _cBK
_k403
_2ddc
999 _c8701
_d8701